000 01367nam a2200301 i 4500
003 EG-GICUC
005 20260319144303.0
008 260319s1987 mr ||||fr|||| 00| 0 ara d
040 _a EG-GICUC
_bara
_c EG-GICUC
_d EG-GICUC
_erda
041 _aara
082 0 4 _221
_a343.3064
_bو ز . م
092 0 4 _221
099 _aLaw1 10 343.3064 و ز . م 1987
110 2 _aوزارة العدل المعهد الوطنى للدراسات القضائية المملكة المغربية
_eمؤلف.
245 1 0 _aمجموعة قرارات المجلس الاعلى :
_bالمادة الجنائية 1966- 1986 /
_cوزارة العدل المعهد الوطنى للدراسات القضائية المملكة المغربية.
264 1 _aالمغرب :
_bمنشورات جمعية تنمية البحوث والدراسات القضائية،
_c1987.
300 _a550 صفحة ;
_c24 سم.
336 _2rda content
_atext
337 _2rda media
_aComputer
338 _2rda carrier
_aOnline Resource
504 _aيشتمل على إرجاعات ببليوجرافية.
546 _aالنص باللغة العربية
650 1 _aالقانون الجنائي
650 1 _aقانون الإجراءات الجنائية
_zالمغرب
856 4 0 _uhttps://fll.law.cu.edu.eg/fulltext/bks/B10-05591.pdf
905 _a43
942 _2ddc
_n0
_cBK
_e21
999 _c66461
_d66461